| 000 | 00672nam a2200217Ia 4500 | ||
|---|---|---|---|
| 001 | 11371 | ||
| 003 | GE_BSU | ||
| 008 | 181216s||||||||xx |||||||||||||| ||und|| | ||
| 040 | _cGE_BSU | ||
| 080 | _a629.78(09) | ||
| 100 | _aვორობიოვი ბ. | ||
| 245 | _aციოლკოვსკი | ||
| 245 | _cრედ: ი. ტურაშვილი, მთარგმ. მ. ბრეგვაძე | ||
| 260 | _aთბილისი. | ||
| 260 | _bტექნიკა და შრომა | ||
| 260 | _c1950 | ||
| 300 | _a210გვ.20სმ. | ||
| 300 | _e1ფ. პორტრ. ილ. | ||
| 653 | _aციოლკოვსკი | ||
| 942 | _cBK | ||
| 999 |
_c44568 _d44568 |
||